000 00364nam a2200133Ia 4500
008 231017s9999 xx 000 0 und d
082 _a388.4068
082 _bFIN
245 0 _a"Advances in Computational Intelligence in Transport, Logistics, and Supply Chain Management"
245 0 _cAndreas Fink
260 _bAndreas Fink
300 _c30cm
942 _cREP
999 _c604140
_d604140